| 000 | 00516nam a2200193Ia 4500 | ||
|---|---|---|---|
| 003 | OSt | ||
| 005 | 20260209103809.0 | ||
| 008 | 250729s2007 xx 000 0 und d | ||
| 040 | _cAL | ||
| 041 | _akan | ||
| 082 | _a494.507 KONB | ||
| 100 |
_aಕೊಂಗವಾಡ ಎನ್ ಬಿ _9228662 |
||
| 245 | _aಭಾಷೆ ಮತ್ತು ಕನ್ನಡ ಬೋಧನೆ | ||
| 260 |
_aಗದಗ _c2007 |
||
| 300 | _a540p | ||
| 650 |
_aKannada _9228663 |
||
| 700 |
_aಕೊo Digumurthi _9228664 |
||
| 942 |
_2ddc _cBED |
||
| 999 |
_c238072 _d238072 |
||